000 01024na a2200313 4500
001 21739
003 MIRAKIL
005 20181226092843.0
008 170215b tu n0 0 0
035 _a20918
040 _aMilas
_btur
_cTR-AnCHP
041 _atur
082 _aCHP 050
_bTSD 2003-
090 _a050 DER 4
245 _aTürkiye Sosyal Demokrat
246 _aTürkiye Sosyal Demokrat dergisi
260 _aİstanbul
_bYıldız Yıldırım
_c2003-
300 _ac.
_bres.
_c27 sm.
310 _aAylık
321 _aAylık
362 _a1. sayı Ağustos 2003 -
500 _aAylık siyasi aktüel dergi
500 _aMevcut sayılar:(1)Mart 2003; (2)Nisan 2003;(3) Mart 2003; (4-5) Haziran-Temmuz 2003; (6) Ağustos 2003; Ocak 2004; (10) Mart 2005; (16) Kasım 2006
610 _aCumhuriyet Halk Partisi (CHP)
_xSüreli yayınlar
650 _aSiyaset ve yönetim
_xSüreli yayınlar
651 _aTürkiye
_xSiyaset ve yönetim
_ySüreli yayınlar
910 _aDERGİ 4
942 _2ddc
_cSER
999 _c11376
_d11376